000 00435nam a22001817a 4500
003 MPLRDC
005 20220104125547.0
008 210129b ||||| |||| 00| 0 eng d
082 _a848.1 XS-5 c.2
100 _a徐速著
245 _a第一片落叶
_c
250 _a五版
260 _a
_b高原出版社
_c1961
300 _b
490 _a中国当代文艺丛书
650 _a现代别集
942 _cBK
_o848.1 XS-5 c.2
999 _c28330
_d28320